Dirección y organizaciones de clínicas y hospitales (Registro nro. 3025)

Detalles MARC
000 -LEADER
fixed length control field 01806 a2200229 4500
001 - CONTROL NUMBER
control field 39345
005 - DATE AND TIME OF LATEST TRANSACTION
control field 20260407155652.0
008 - FIXED-LENGTH DATA ELEMENTS--GENERAL INFORMATION
fixed length control field 260407a1970 arg spa d
003 - CONTROL NUMBER IDENTIFIER
control field AR-UNSa-BCEJYS
040 ## - CATALOGING SOURCE
Original cataloging agency AR-UNSa-BCEJYS
Language of cataloging spa
Transcribing agency AR-UNSa-BCEJYS
080 ## - UNIVERSAL DECIMAL CLASSIFICATION NUMBER
Universal Decimal Classification number 614.2
Common auxiliary subdivision Organización pública y profesional de la sanidad
041 ## - LANGUAGE CODE
Language code of text/sound track or separate title spa
100 1# - MAIN ENTRY--PERSONAL NAME
Personal name Smalley, Harold E.
245 10 - TITLE STATEMENT
Title Dirección y organizaciones de clínicas y hospitales
Name of part/section of a work una guia para el desarrollo de los sistemas dedirección de clínicas y hospitales
264 #1 - PRODUCTION, PUBLICATION, DISTRIBUTION, MANUFACTURE, AND COPYRIGHT NOTICE
Place of production, publication, distribution, manufacture Madrid :
Name of producer, publisher, distributor, manufacturer Iberico Europea de Ediciones
Date of production, publication, distribution, manufacture, or copyright notice 1970
300 ## - PHYSICAL DESCRIPTION
Extent 555 p.
Dimensions 22 cm.
505 ## - FORMATTED CONTENTS NOTE
Formatted contents note 1. Introducción - 2. El papel de la tradición - 3. El tema de la singularidad - 4. El movimiento de mejora de los métodos - 5. Enseñanza y aplicación - 6. Establecimiento del programa de organización - 7. Actividades de servicios - 8. Actividades educativas - 9. Actividades de investigación - 10. Problemas de dirección y estudios de organización industrial - 11. Mejora de métodos - 12. Control de flujo de información - 13. Medición del trabajo humano - 14. Aplicación de tiempos standard - 15. Muestreo de las actividades de hospital - 16. Análisis y valoración de tareas - 17. Motivación y retribución del empleo - 18. Acerca de la variabilidad - 19. Previsión dwe necesidades futuras - 20. Planificación y control - 21. Lineas de espera y densidad de flujo - 22. Diseño de instalaciones y utilización del espacio - 23. Evaluación económica y de costos - 24. Asignación de recursos - 25. Proceso automático ed datos - 26. Decisiones de gestión.
590 ## - LOCAL NOTE (RLIN)
Local note niveau_biblio:m niveau_hierar:0
700 1# - ADDED ENTRY--PERSONAL NAME
Personal name Freeman, Johon R.
856 41 - ELECTRONIC LOCATION AND ACCESS
Uniform Resource Identifier <a href="https://biblioeco.unsa.edu.ar/pmb/images/libros/L24296.jpg">https://biblioeco.unsa.edu.ar/pmb/images/libros/L24296.jpg</a>
Link text Imagen de portada
Electronic format type image/jpeg
942 ## - ADDED ENTRY ELEMENTS (KOHA)
Koha item type
Existencias
Withdrawn status Lost status Damaged status Not for loan Home library Current library Shelving location Date acquired Total checkouts Full call number Barcode Date last seen Price effective from Koha item type
        Biblioteca Prof. Eusebio Cleto del Rey Biblioteca Prof. Eusebio Cleto del Rey   07/04/2026   614.2 S635 L24297 07/04/2026 07/04/2026 Libro
        Biblioteca Prof. Eusebio Cleto del Rey Biblioteca Prof. Eusebio Cleto del Rey   07/04/2026   614.2 S635 L24296 07/04/2026 07/04/2026 Libro